De la poesía heroico-popular castellana / (Record no. 39518)
[ view plain ]
| 000 -LEADER | |
|---|---|
| campo de control de longitud fija | 00882nam a2200229 i 4500 |
| 001 - NÚMERO DE CONTROL | |
| campo de control | 39518 |
| 003 - IDENTIFICADOR DE NÚMERO DE CONTROL | |
| campo de control | ES-MaACL |
| 005 - FECHA Y HORA DE LA ÚLTIMA TRANSACCIÓN | |
| campo de control | 20250725055431.0 |
| 007 - CAMPO FIJO DE DESCRIPCIÓN FÍSICA--INFORMACIÓN GENERAL | |
| campo de control de longitud fija | t| |
| 008 - DATOS DE LONGITUD FIJA--INFORMACIÓN GENERAL | |
| campo de control de longitud fija | 030303s1876 sp ||||1| spa d |
| 080 ## - NÚMERO DE LA CLASIFICACIÓN DECIMAL UNIVERSAL | |
| Número de la Clasificación Decimal Universal | 821.134.2-13.09 |
| 100 1# - ENTRADA PRINCIPAL--NOMBRE DE PERSONA | |
| Nombre de persona | Canalejas, Francisco de Paula, |
| Fechas asociadas al nombre | 1834-1883 |
| Término indicativo de función/relación | Autor |
| 9 (RLIN) | 34381 |
| 245 10 - MENCIÓN DEL TÍTULO | |
| Título | De la poesía heroico-popular castellana / |
| Mención de responsabilidad, etc. | por D. Francisco de Paula Canalejas |
| 260 ## - PUBLICACIÓN, DISTRIBUCIÓN, ETC. | |
| Lugar de publicación, distribución, etc. | Madrid : |
| Nombre del editor, distribuidor, etc. | [s.n., |
| Fecha de publicación, distribución, etc. | 1876] |
| Fabricante | (Imp. a cargo de Víctor Saiz) |
| 300 ## - DESCRIPCIÓN FÍSICA | |
| Extensión | 75 páginas ; |
| Dimensiones | 18 cm. |
| 530 ## - NOTA DISPONIBLE DE FORMULARIO FÍSICO ADICIONAL | |
| Nota de formato físico adicional disponible | Disponible en formato digital |
| 650 #4 - PUNTO DE ACCESO ADICIONAL DE MATERIA--TÉRMINO DE MATERIA | |
| Término de materia o nombre geográfico como elemento de entrada | Poesía épica española- |
| Subdivisión general | Historia y crítica. |
| 9 (RLIN) | 16163 |
| 852 ## - LOCALIZACIÓN | |
| Ubicación | ES-MaACL |
| Ubicación en estantería | Depósito folletos |
| Anotaciones manuscritas | En portada: firma de Gustavo de Ritter, 1876 |
| Número de control de estantería | T-719-F-1 |
| 857 ## - LOCALIZACIÓN Y ACCESO ELECTRÓNICOS_2 | |
| Identificador Uniforme de Recursos | <a href="http://hdl.handle.net/2027/hvd.hnyfjb">http://hdl.handle.net/2027/hvd.hnyfjb</a> |
| Texto de enlace | Versión en línea |
| Nota pública | (Bodleian Libraries) |
| 942 ## - ELEMENTOS DE ENTRADA SECUNDARIOS (KOHA) | |
| Fuente del sistema de clasificación o colocación | Clasificación decimal universal |
| Tipo de ítem Koha | Folleto |
| Suprimir en OPAC | No |
| Estatus retirado | Estado de pérdida | Estado de daño | No para préstamo | Colección | Biblioteca de origen | Biblioteca actual | Ubicación en estantería | Fecha de adquisición | Fuente de adquisición | Total de préstamos | Signatura topográfica completa | Código de barras | Visto por última vez | Precio de reemplazo | Tipo de ítem Koha |
|---|---|---|---|---|---|---|---|---|---|---|---|---|---|---|---|
| Colección de folletos | Biblioteca del Ateneo de Madrid | Biblioteca del Ateneo de Madrid | Depósito folletos | 17/01/2008 | T-719-F-1 | 1041617 | 23/02/2023 | 23/02/2023 | Folleto |
